Don't get a job ... make a job (Record no. 4526)

MARC details
000 -CABECERA
campo de control de longitud fija 01971cam a2200337 i 4500
001 - NÚMERO DE CONTROL
campo de control 13547494
005 - FECHA Y HORA DE LA ÚLTIMA TRANSACCIÓN
campo de control 20250311153750.0
008 - DATOS DE LONGITUD FIJA--INFORMACIÓN GENERAL
campo de control de longitud fija 230711s2023 enka 000 0 eng d
010 ## - NÚMERO DE CONTROL DE LA BIBLIOTECA DEL CONGRESO
Número de control de LC 2014021493
020 ## - NÚMERO INTERNACIONAL ESTÁNDAR DEL LIBRO
Número Internacional Estándar del Libro 9781529420364
Información calificativa (trade paperback)
035 ## - NÚMERO DE CONTROL DEL SISTEMA
Número de control de sistema (OCoLC)on1406103668
035 ## - NÚMERO DE CONTROL DEL SISTEMA
Número de control de sistema (CaBVaU)13547494
040 ## - FUENTE DE LA CATALOGACIÓN
Centro catalogador/agencia de origen PICCL
Lengua de catalogación eng
Normas de descripción rda
Centro/agencia transcriptor PICCL
Centro/agencia modificador OCLCO
-- PUL
-- OCLCO
-- ZQP
-- OCLCO
-- OCLCQ
-- UBC
-- UtOrBLW
050 #4 - SIGNATURA TOPOGRÁFICA DE LA BIBLIOTECA DEL CONGRESO
Número de clasificación HF5386
Número de documento/Ítem .B37 2023
100 ## - ENTRADA PRINCIPAL--NOMBRE DE PERSONA
Nombre de persona Barton, Gem,
Término indicativo de función/relación author.
9 (RLIN) 24879
245 10 - MENCIÓN DE TÍTULO
Título Don't get a job ... make a job
Resto del título : inventive career models for next-gen creatives
Mención de responsabilidad, etc. / Gem Barton.
246 3# - FORMA VARIANTE DE TÍTULO
Título propio/Titulo breve Do not get a job ... make a job
250 ## - MENCIÓN DE EDICIÓN
Mención de edición New edition.
264 #1 - PRODUCCIÓN, PUBLICACIÓN, DISTRIBUCIÓN, FABRICACIÓN Y COPYRIGHT
Producción, publicación, distribución, fabricación y copyright London :
Nombre del de productor, editor, distribuidor, fabricante Laurence King Publishing,
Fecha de producción, publicación, distribución, fabricación o copyright [2023]
264 #4 - PRODUCCIÓN, PUBLICACIÓN, DISTRIBUCIÓN, FABRICACIÓN Y COPYRIGHT
Fecha de producción, publicación, distribución, fabricación o copyright 2023
300 ## - DESCRIPCIÓN FÍSICA
Extensión 159 pages :
Otras características físicas colour illustrations ;
Dimensiones 20 cm
500 ## - NOTA GENERAL
Nota general Previous edition published in 2016 by Laurence King Publishing.
505 ## - NOTA DE CONTENIDO CON FORMATO
Nota de contenido con formato Self-promotion — In Motion — Make a Difference — Specialism and Diversity — Resilience — Going It Alone and Teaming Up — Gusto
520 ## - SUMARIO, ETC.
Sumario, etc. Too often a design or architecture degree is seen as a means to an end (a job in an established practice). But imagine for one moment that there are no employers, no firms to send your CV to, no interviews to be had. How would you forge your own path after graduation? Perhaps you are not a graduate at all. The most ingenious and driven designers have found ways of making opportunities for themselves across the creative disciplines-ways you can learn from too. 'Don't Get a Job' celebrates the various strategies that the next generation of creatives are taking to gain exposure, while also including interviews and inspirational advice from those who are now enjoying success.
650 #0 - PUNTO DE ACCESO ADICIONAL DE MATERIA--TÉRMINO DE MATERIA
Término de materia o nombre geográfico como elemento de entrada Design
Subdivisión general Vocational guidance.
650 #0 - PUNTO DE ACCESO ADICIONAL DE MATERIA--TÉRMINO DE MATERIA
Término de materia o nombre geográfico como elemento de entrada Entrepreneurship
9 (RLIN) 570
650 #0 - PUNTO DE ACCESO ADICIONAL DE MATERIA--TÉRMINO DE MATERIA
Término de materia o nombre geográfico como elemento de entrada Job hunting
9 (RLIN) 1762
650 #0 - PUNTO DE ACCESO ADICIONAL DE MATERIA--TÉRMINO DE MATERIA
Término de materia o nombre geográfico como elemento de entrada Success in business
9 (RLIN) 1506
650 #0 - PUNTO DE ACCESO ADICIONAL DE MATERIA--TÉRMINO DE MATERIA
Término de materia o nombre geográfico como elemento de entrada Industrial design
Subdivisión general Vocational guidance.
942 ## - ELEMENTOS DE ENTRADA AGREGADA (KOHA)
Fuente del sistema de clasificación o colocación Clasificación de Library of Congress
Holdings
Estado de retiro Estado de pérdida Fuente del sistema de clasificación o colocación Estado dañado No para préstamo Biblioteca de origen Biblioteca actual Fecha de adquisición Total de préstamos Signatura topográfica completa Código de barras Fecha visto por última vez Número de copia Precio válido a partir de Tipo de ítem Koha
    Clasificación de Library of Congress     TBS Barcelona TBS Barcelona 11/03/2025   HF5386 BAR B07525 11/03/2025 1 11/03/2025 Book

Powered by Koha